Tajomný vitamín E

Bibliographic Details
Main Author: J. Š. (Author)
Format: Article
Language:Slovak

MARC

LEADER 00000nab a2200000 a 4500
001 vtls011103766
003 SK-MaSNL
005 20260303150203.0
008 230222|1972 xo |||||||||||||||||slo|
015 |a SNBRB 
035 |a (uuid)375fa258-b5af-4413-b02a-1dfe4f233b04 
035 |a (urnnbn)urn:nbn:sk:snk:ar-a084bz 
035 |a urn:nbn:sk:snk-ab9a7k 
040 |a SNKBUCL  |b slo  |c SNKBUCL  |e AACR2 
041 0 |a slo 
044 |a xo  |c SK 
100 1 |a J. Š.  |4 aut  |9 424884 
245 1 0 |a Tajomný vitamín E  |c J. Š. 
773 0 |t Svet vedy : populárnovedecký mesačník SAV a Čs. spoločnosti pre šírenie politických a vedeckých poznatkov  |g Roč. 19, č. 6 (1972), s. 321-322 
954 |a odborná, vedecká literatúra pôvodná (slovenská)  |2 lita 
958 |a OND 
958 |a EUIPO 
958 |a article13 
999 |c 2008556  |d 2010486